Código de Comercio de la República Argentina

保存先:
書誌詳細
団体著者: República Argentina (著者)
フォーマット: 図書
言語:スペイン語
出版事項: Buenos Aires Félix Lajouane 1903
主題:
タグ: タグ追加
タグなし, このレコードへの初めてのタグを付けませんか!

MARC

LEADER 00000nam a2200000 a 4500
001 UCR4244
003 CL-VaPUC
008 980307e19030000AG |||||||||||||||||spa|d
082 0 4 |a 346.8207  |b REP  |2 21 
110 2 |a República Argentina  |e author  |9 404026 
245 1 0 |a Código de Comercio de la República Argentina 
300 |a 613 p 
942 |c BK 
945 |d 19980307 00:00:00  |a crobeson 
260 |a Buenos Aires  |b Félix Lajouane  |c 1903 
650 0 |a Derecho comercial   |9 256340 
650 0 |a Código de comercio   |9 329302 
650 0 |a Comercio  |9 255341 
650 0 |a Derecho civil  |9 255013 
650 0 |a Derecho privado  |9 258243 
650 0 |a Sociedades comerciales   |9 257290 
651 0 |a Argentina  |9 254888 
583 |a last modification  |c 19980307 00:00:00  |k Rodrigo Vera 
999 |c 267192  |d 267190 
952 |0 0  |1 0  |4 0  |6 346_820700000000000_REP_1903  |7 0  |8 X  |9 299415  |a BIBDER  |b BIBDER  |d 2019-11-20  |i 1948466  |o 346.8207 REP 1903  |p 1948466  |r 2023-01-25  |w 2019-11-20  |y BK_X  |k DER